LIBRARY & INFORMATION CENTRE, KCAET, TAVANUR

ONLINE PUBLIC ACCESS CATALOGUE (OPAC)

Text book of remote sensing and geographical information systems / (Record no. 13206)

MARC details
000 -LEADER
fixed length control field 00414cam a2200145ua 4500
003 - CONTROL NUMBER IDENTIFIER
control field OSt
008 - FIXED-LENGTH DATA ELEMENTS--GENERAL INFORMATION
fixed length control field 250101b |||||||| |||| 00| 0 eng d
041 ## - LANGUAGE CODE
Language code of text/sound track or separate title eng
082 ## - DEWEY DECIMAL CLASSIFICATION NUMBER
Classification number 621.3678
Item number SAH/TE
100 ## - MAIN ENTRY--AUTHOR NAME
Personal name Sahu, Kalicharan .
245 ## - TITLE STATEMENT
Title Text book of remote sensing and geographical information systems /
260 ## - PUBLICATION, DISTRIBUTION, ETC. (IMPRINT)
Place of publication :
Name of publisher Atlantic publishers and distributers ,
Year of publication 2008.
300 ## - PHYSICAL DESCRIPTION
Number of Pages 499 ; .
942 ## - ADDED ENTRY ELEMENTS (KOHA)
Koha item type Books
Holdings
Withdrawn status Lost status Damaged status Home library Current library Date acquired Full call number Accession Number Koha item type
      KAUAET KAUAET 07/04/2012 621.3678 SAH/TE 21886 Books
      KAUAET KAUAET 07/04/2012 621.3678 SAH/TE 22044 Books
free website counter